Trasferimenti più costosi - Stagione 2025-2026 - Statistics

Statistiche generali
  • Questo quiz è stato fatto 34 volte
  • Il punteggio medio è 8 su 10
Statistiche sulle risposte
Costo (M €) Nazione Da A Calciatore % Corretto
145,00 Svezia Newcastle United Liverpool Alexander Isak
100%
70,00 Colombia Liverpool Bayern Monaco Luis Díaz
94%
76,50 Slovenia RB Lipsia Manchester United Benjamin Sesko
91%
125,00 Germania Bayer Leverkusen Liverpool Florian Wirtz
91%
75,00 Nigeria Napoli Galatasaray Victor Osimhen
91%
95,00 Francia Eintracht Francoforte Liverpool Hugo Ekitiké
82%
74,20 Brasile Wolverhampton Manchester United Matheus Cunha
71%
75,00 Francia / Camerun Brentford Manchester United Bryan Mbeumo
68%
75,00 Germania Stoccarda Newcastle United Nick Woltemade
56%
70,00 Spagna Real Sociedad Arsenal Martín Zubimendi
53%
Nessun quiz corrispondente trovato
Distribuzione punteggi
Percentuale di utenti per punteggio
Percentile per numero di risposta
I tuoi punteggi nel tempo
Non hai fatto questo quiz